[Event "Oberliga NRW 0203 II"]
[Site "Germany"]
[Date "2002.12.08"]
[Round "3.2"]
[White "Rott, Georg"]
[Black "Matthias, Heiner"]
[Result "0-1"]
[WhiteElo "2179"]
[BlackElo "2389"]
[PlyCount "166"]
[EventDate "2002.10.06"]
[EventType "team"]
[EventRounds "9"]
[EventCountry "GER"]
[SourceTitle "EXT 2004"]
[Source "ChessBase"]
[SourceDate "2003.11.25"]
[SourceVersion "1"]
[SourceVersionDate "2003.11.25"]
[SourceQuality "1"]
[WhiteTeam "Muenster II"]
[BlackTeam "Lippstadt Turm"]
[WhiteTeamCountry "GER"]
[BlackTeamCountry "GER"]

1. e4 c6 2. d4 d5 3. exd5 cxd5 4. Bd3 Nf6 5. c3 Nc6 6. Bf4 Bg4 7. Qb3 Qc8 8. Ne2 e6 9. Ng3 Nh5 10. Nxh5 Bxh5 11. Na3 a6 12. 0-0 Be7 13. Nc2 Bg6 14. Bxg6 hxg6 15. Rae1 0-0 16. a3 Na5 17. Qa2 Qc4 18. Qb1 Rac8 19. Ne3 Qb5 20. Qc2 Rfd8 21. Ng4 Qb3 22. Qb1 Qb6 23. Re2 Re8 24. Rfe1 Bf8 25. Ne5 Nc4 26. Nf3 Be7 27. Qc1 Bf6 28. Bg5 Qd6 29. Bf4 Qd7 30. h3 b5 31. Qb1 a5 32. Qd3 Qb7 33. Nh2 b4 34. axb4 axb4 35. Ng4 bxc3 36. bxc3 Qc6 37. Ra1 Ra8 38. Rea2 Rxa2 39. Rxa2 Ra8 40. Qb1 Rxa2 41. Qxa2 Be7 42. Qb3 Qa8 43. Kh2 g5 44. Bc7 Qc8 45. Qb8 Qxb8 46. Bxb8 Ba3 47. Kg3 Bb2 48. Ba7 Bxc3 49. Kf3 Kf8 50. Bc5+ Ke8 51. Ke2 f5 52. Nh2 Ba5 53. Nf3 Bd8 54. Kd3 Bf6 55. Bb4 Kd7 56. Nd2 Nxd2 57. Bxd2 g4 58. hxg4 fxg4 59. Bc3 Kc6 60. Bb4 Kb5 61. Bd6 Ka4 62. Kc3 Bh4 63. f3 gxf3 64. gxf3 Be1+ 65. Kc2 g6 66. Be7 Bb4 67. Bg5 Bd6 68. Bf6 Kb4 69. Kd3 Kb3 70. Bg7 Bf4 71. Bf6 Kb2 72. Bh4 Kc1 73. Be1 Kd1 74. Bc3 Bg3 75. Bb4 Be1 76. Bd6 Bd2 77. Be5 Bc1 78. Bg3 g5 79. Bc7 Ke1 80. Kc3 Ke2 81. Kb4 Kxf3 82. Kb5 g4 83. Kc6 Bf4 0-1

[Event "Oberliga NRW 0203 II"]
[Site "Germany"]
[Date "2002.10.06"]
[Round "1.3"]
[White "Matthias, Heiner"]
[Black "Kotter, Ralf"]
[Result "1/2-1/2"]
[WhiteElo "2389"]
[BlackElo "2308"]
[PlyCount "107"]
[EventDate "2002.10.06"]
[EventType "team"]
[EventRounds "9"]
[EventCountry "GER"]
[SourceTitle "EXT 2004"]
[Source "ChessBase"]
[SourceDate "2003.11.25"]
[SourceVersion "1"]
[SourceVersionDate "2003.11.25"]
[SourceQuality "1"]
[WhiteTeam "Lippstadt Turm"]
[BlackTeam "Gelsenkirchen"]
[WhiteTeamCountry "GER"]
[BlackTeamCountry "GER"]

1. d4 Nf6 2. c4 e6 3. g3 d5 4. Nf3 c6 5. Nbd2 Be7 6. Bg2 0-0 7. 0-0 Nbd7 8. Qc2 c5 9. dxc5 Nxc5 10. b3 Bd7 11. Bb2 h6 12. Rac1 Rc8 13. Qb1 Nce4 14. Nxe4 Nxe4 15. Rfd1 Bc5 16. e3 Bc6 17. Ne5 f5 18. b4 Bxb4 19. Nxc6 bxc6 20. Bxg7 Kxg7 21. Qxb4 Rb8 22. Qa4 Rb2 23. cxd5 cxd5 24. f3 Nf6 25. Qxa7+ Rf7 26. Qd4 Rxa2 27. Rc6 Qe8 28. Rdc1 e5 29. Qb6 Qa8 30. Rc7 Qa3 31. h4 Qb2 32. Qxb2 Rxb2 33. Bh3 f4 34. exf4 exf4 35. gxf4 Nh5 36. Be6 Rxc7 37. Rxc7+ Kf6 38. Bxd5 Nxf4 39. Be4 Ke5 40. Re7+ Kf6 41. Rh7 h5 42. Rh8 Ke5 43. Rf8 Rg2+ 44. Kh1 Rg3 45. Kh2 Rg2+ 46. Kh1 Rg3 47. Re8+ Kf6 48. Bc6 Rh3+ 49. Kg1 Rxh4 50. Be4 Ne6 51. Kg2 Ng5 52. Ba8 Ra4 53. Rf8+ Kg6 54. Be4+ 1/2-1/2

[Event "Oberliga NRW 0102 II"]
[Site "Germany"]
[Date "2002.04.07"]
[Round "8.1"]
[White "Klyuner, Vyacheslav"]
[Black "Matthias, Heiner"]
[Result "1/2-1/2"]
[WhiteElo "2410"]
[BlackElo "2390"]
[PlyCount "103"]
[EventDate "2001.10.??"]
[EventType "team"]
[EventRounds "9"]
[EventCountry "GER"]
[SourceTitle "EXT 2004"]
[Source "ChessBase"]
[SourceDate "2003.11.25"]
[SourceVersion "1"]
[SourceVersionDate "2003.11.25"]
[SourceQuality "1"]
[WhiteTeam "Dortmund Hansa"]
[BlackTeam "Lippstadt Turm"]
[WhiteTeamCountry "GER"]
[BlackTeamCountry "GER"]

1. e4 Nf6 2. Nc3 d5 3. e5 Nfd7 4. d4 e6 5. Nce2 c5 6. c3 Nc6 7. f4 a5 8. Nf3 a4 9. g3 Nb6 10. dxc5 Bxc5 11. Ned4 Nxd4 12. cxd4 Bb4+ 13. Bd2 Bxd2+ 14. Qxd2 0-0 15. Bd3 Nc4 16. Qc2 h6 17. Kf2 Bd7 18. b3 Na5 19. Rhc1 Qe7 20. bxa4 Qa3 21. Qc3 Qxa4 22. Bc2 Qc4 23. Qxc4 Nxc4 24. Bb3 Rfc8 25. Ke1 Kf8 26. Nd2 Nb2 27. Ke2 Bb5+ 28. Ke3 Nd3 29. Rxc8+ Rxc8 30. Nf3 Ba6 31. f5 exf5 32. Bxd5 Nb4 33. Bb3 Rc3+ 34. Kf2 g5 35. Rd1 f4 36. gxf4 Nd3+ 37. Rxd3 Rxd3 38. fxg5 hxg5 39. Nxg5 Rxd4 40. Ke3 Rd3+ 41. Ke4 Rd2 42. Nxf7 Rxh2 43. Nd6 Ke7 44. Nf5+ Kd8 45. e6 Re2+ 46. Kd4 Kc7 47. e7 Bb5 48. Bf7 Bc6 49. Ne3 Rd2+ 50. Kc3 Re2 51. Kd4 Rd2+ 52. Kc3 1/2-1/2

[Event "Oberliga NRW 0102 II"]
[Site "Germany"]
[Date "2001.12.09"]
[Round "4.2"]
[White "Grimm, Sascha"]
[Black "Matthias, Heiner"]
[Result "1/2-1/2"]
[WhiteElo "2367"]
[BlackElo "2390"]
[PlyCount "87"]
[EventDate "2001.10.??"]
[EventType "team"]
[EventRounds "9"]
[EventCountry "GER"]
[SourceTitle "EXT 2004"]
[Source "ChessBase"]
[SourceDate "2003.11.25"]
[SourceVersion "1"]
[SourceVersionDate "2003.11.25"]
[SourceQuality "1"]
[WhiteTeam "Lohmar"]
[BlackTeam "Lippstadt Turm"]
[WhiteTeamCountry "GER"]
[BlackTeamCountry "GER"]

1. Nf3 d5 2. g3 Bg4 3. Bg2 Nd7 4. 0-0 Ngf6 5. d3 c6 6. Nbd2 e6 7. b3 Bc5 8. Bb2 0-0 9. e4 a5 10. h3 Bxf3 11. Qxf3 a4 12. a3 axb3 13. Nxb3 Bd6 14. a4 dxe4 15. dxe4 Be5 16. Bxe5 Nxe5 17. Qc3 Ned7 18. Qb4 Qc7 19. c4 b6 20. Rfd1 Rfd8 21. c5 Rdb8 22. Qc3 h6 23. cxb6 Rxb6 24. a5 Rb5 25. a6 e5 26. Nd2 Rc5 27. Qd3 Ra5 28. Nc4 Nc5 29. Qc3 R5xa6 30. Rxa6 Rxa6 31. Nxe5 Ne6 32. Nc4 Ra2 33. Ne3 Ra5 34. Nf5 Kh7 35. Nd6 Rc5 36. Qd3 Kg8 37. Rb1 Qa7 38. Qb3 Kh7 39. Qd3 Kg8 40. Nf5 Ra5 41. Qc3 Rc5 42. Qd3 Ra5 43. Qc3 Rc5 44. Qd3 1/2-1/2